|
|
|
|
| LEADER |
00000cam a2200000 a 4500 |
| 001 |
vtls011574660 |
| 003 |
SK-MaSNL |
| 005 |
20260301180649.0 |
| 008 |
240318s2016 xo oa g 000 0dslo |
| 015 |
|
|
|a SNBA2016/10
|
| 020 |
|
|
|a 9788055150437
|q (viaz.)
|
| 035 |
|
|
|a DB38ABA3-5C46-46EF-A001-87BA17A87EFB
|
| 035 |
|
|
|a urn:nbn:sk:snk-amyc9t
|
| 035 |
|
|
|a urn:nbn:sk:snk-am00cg3t
|
| 040 |
|
|
|a SNK
|b slo
|c SNK
|e AACR2
|
| 041 |
1 |
|
|a slo
|h fre
|
| 043 |
|
|
|a e-fr---
|
| 044 |
|
|
|a xo
|c SK
|
| 072 |
|
7 |
|a 391
|x Odev, móda, ozdoby
|2 konspekt
|
| 080 |
|
|
|a 391-055.2
|2 2011
|
| 080 |
|
|
|a (44)
|2 2011
|
| 080 |
|
|
|a (0.062)
|2 2011
|
| 080 |
|
|
|a 646.4/.5
|2 2001
|
| 080 |
|
|
|a 316.728
|2 2011
|
| 080 |
|
|
|a 316.346.2-055.2
|2 2011
|
| 100 |
1 |
|
|a Thomas, Isabelle,
|d 1963-
|4 aut
|9 233913
|
| 240 |
1 |
0 |
|a You're so French!
|l Slovensky
|
| 245 |
1 |
0 |
|a Vyzeráš ako Francúzka
|b ako si vytvoriť vlastný štýl
|c Isabelle Thomasová, Frédérique Veyssetová pod vedením Caroline Levesquovej ; [z francúzskeho originálu preložila Dana Viskupičová-Fašangová]
|
| 250 |
|
|
|a 1. vyd.
|
| 260 |
|
|
|a Bratislava
|b Ikar
|c 2016
|
| 300 |
|
|
|a 191 s.
|b fotogr. (prevažne fareb.), ilustr.
|c 25 cm
|
| 500 |
|
|
|a Biogr. údaje
|
| 650 |
0 |
7 |
|a dámska móda
|2 SNKPH
|9 134361
|
| 650 |
0 |
7 |
|a Fashion
|2 SNKPHeng
|9 268439
|
| 650 |
0 |
7 |
|a Women's fashion
|2 SNKPHeng
|9 442027
|
| 650 |
0 |
7 |
|a odievanie
|2 SNKPH
|9 30427
|
| 650 |
0 |
7 |
|a Clothing
|2 SNKPHeng
|9 267468
|
| 650 |
0 |
7 |
|a životný štýl
|2 SNKPH
|9 1704
|
| 650 |
0 |
7 |
|a Style of life
|2 SNKPHeng
|9 265362
|
| 650 |
0 |
7 |
|a ženy
|2 SNKPH
|9 4865
|
| 650 |
0 |
7 |
|a Women
|2 SNKPHeng
|9 266264
|
| 651 |
|
7 |
|a Francúzsko
|2 SNKPH
|9 15907
|
| 651 |
|
7 |
|a France
|2 SNKPHeng
|9 162309
|
| 655 |
|
7 |
|a populárno-náučné publikácie
|2 SNKPH
|9 70460
|
| 655 |
|
7 |
|a Popular works
|2 SNKPHeng
|9 90287
|
| 700 |
1 |
|
|a Veysset, Frédérique
|4 aut
|9 423786
|
| 700 |
1 |
|
|a Viskupičová-Fašangová, Dana,
|d 1954-
|4 trl
|9 103565
|
| 700 |
1 |
|
|a Levesque, Caroline
|4 aut
|9 423787
|
| 852 |
|
|
|a Štátna vedecká knižnica v Banskej Bystrici
|
| 919 |
|
|
|a 978-80-551-5043-7
|
| 958 |
|
|
|a OP
|
| 968 |
|
|
|b FR
|
| 999 |
|
|
|c 847148
|d 849078
|
| 952 |
|
|
|a SNK
|b SNK
|y VYP
|7 0
|p 17A1250115
|o snkSC 171476 D1
|i snk2016/29059
|8 0
|0 0
|1 0
|4 0
|d 2016-12-21
|l 0
|r 2026-02-24 04:30:46
|w 2026-02-24
|
| 952 |
|
|
|a SNK
|b SNK
|y PREZ
|7 0
|p 17A1215183
|o snkSC 171476
|i snk2016/22774
|8 0
|0 0
|1 0
|4 0
|d 2016-09-30
|f 1
|l 0
|r 2025-09-10 00:00:00
|w 2026-02-24
|